000 01013cam a2200325 i 4500
001 11825
003 BD-RjUL
005 20211208235205.0
008 140127s1976 enka 111 0beng
020 _a0080210112
020 _a0080210104 (pbk.)
035 _a(BD-RjUL)11874
040 _aDLC
_cDLC
_dBD-RjUL
_beng
041 _aeng
060 _aQU11.1 I61r 1975
082 0 0 _a574.1920904
_bREF 1976
245 1 0 _aReflections on biochemistry :
_bin honour of Severo Ochoa /
_ceditors, A. Kornberg ... [et al.].
250 _a1st ed.
260 _aOxford ;
_aNew York :
_bPergamon Press,
_c1976.
300 _aix, 465 p. :
_bill. ;
_c25 cm.
504 _aIncludes indexes.
600 1 0 _aOchoa, Severo,
_d1905-1993
_936643
650 0 _aBiochemistry
_vCongresses.
_936629
650 2 _aBiochemistry
_xHistory
_vCongresses.
_936630
700 1 _aOchoa, Severo,
_d1905-1993.
_936631
700 1 _aKornberg, Arthur,
_d1918-2007.
_934241
942 _2ddc
_cBK
999 _c11825
_d11825